Регионална библиотека "Любен Каравелов" - Русе

Златните векове на венецианската живопис (Запис номер 115367)

MARC детайли
000 -Лидер
Контролно поле с фиксирана дължина 01633nam a2200349 c 4500
003 - Код на организацията, давaща контролен номер
Контролно поле BLK
005 - Дата и час на последна редакция
Контролно поле 20221107161106.0
008 - Елементи от данни с фиксирана дължина
fixed length control field 180409b bul|||||r ||||||| ||bul||
010 ## - Наследен системен номер
LC control number KNG00120848000
040 ## - Източник на каталожния запис
Идентификатор на билиотеката - собственик на записа BLK
041 ## - Код за език
Код за езика на текст/звукозапис или на отделно заглавие Български
Код за езика КДБФ Български
080 ## - УДК
Текстов определител УДК Живопис
УДК код - определител по УДК 75
УДК определител (450)
УДК - код + определител 75(450)
100 1# - Редна дума - Автор
Автор Логу, Джузепе Де
Авторска отговорност първи автор
R(LIN) 89351
139 ## - Редно поле
Редна дума Логу, Джузепе Де и др.
Авторски знак Лог - Л 76
245 10 - Сведения за заглавието
Заглавие Златните векове на венецианската живопис
Подзаглавни данни Монография
Редно поле (дума) Джузепе Де Логу; съавт. Марио Абис; прев. от итал. Никола Георгиев.
257 ## - Страна на издаване
Страна на създаване/издаване Италия
260 ## - Област на издателските данни
Място на издаване, разпространение и проч. София
Име на издателя, разпространителя и проч. Бълг. художник
Година на издаване 1977
300 ## - Физическа характеристика
Страници 52 с.
Илюстрации и др. 47 л. репрод.
Размери/Мащаб 23 см
380 ## - Жанр
Жанр Изкуство
500 ## - Общи забележки
Забележка Ориг. загл. I Secoli d`oro prittura veneziana / Д. Де Логу, М. Абис Съвместно изд. на изд. Корвина - Будапеща и изд. Бълг. художник - София ; Библиогр. с. 47-48.
650 #4 - Допълнително описание по предмет – тема
Основно описание – тема или топоним Живопис - Италия
9 (RLIN) 278177
653 ## - Ключова дума – ненормативна
Ключова дума Италия
653 ## - Ключова дума – ненормативна
Ключова дума Венеция
653 ## - Ключова дума – ненормативна
Ключова дума живопис
700 1# - Други автори (авторска отговорност)
Лично име Абис, Марио
Автороска отговорност (Описва отношението между автора и произведението) съавт.
9 (RLIN) 29057
700 1# - Други автори (авторска отговорност)
Лично име Георгиев, Никола
Автороска отговорност (Описва отношението между автора и произведението) прев. от итал.
Друга информация Андреев, Никола Георгиев
9 (RLIN) 364530
852 ## - Местоположение
Форматна сигнатура Цб 89836
856 4# - Електронен адрес и достъп
Електронен формат pdf - файл
Инструкция (цена за достъп) 0.00
Права за достъп disable
856 4# - Електронен адрес и достъп
Електронен формат pdf - файл
Инструкция (цена за достъп) 0.00
Права за достъп disable
999 ## - СИСТЕМНИ КОНТРОЛНИ НОМЕРА
Koha biblionumber 115367
Koha biblioitemnumber 115367
942 ## - АРТИКУЛИ
Вид на библиотечния материал Книги
Скрит в OPAC Не
Периодичен библиозапис Да
944 ## - СЪЗДАВАНЕ И РЕДАКЦИЯ на ЗАПИСА
Създаване/Редакция Създаване
Дата на регистрацията/редакция 17.01.2011
Статус, дата на статуса добави в АБ / 14.01.2011
Служител, извършил регистрацията/редакцията Наталия_Любомирова
944 ## - СЪЗДАВАНЕ И РЕДАКЦИЯ на ЗАПИСА
Създаване/Редакция Редакция
Дата на регистрацията/редакция 13.08.2015
Статус, дата на статуса добави в АБ / 14.01.2011
Служител, извършил регистрацията/редакцията Милена_Ачева
944 ## - СЪЗДАВАНЕ И РЕДАКЦИЯ на ЗАПИСА
Създаване/Редакция Редакция
Дата на регистрацията/редакция 2022-11-07
Служител, извършил регистрацията/редакцията Христина Везирева
999 ## - СИСТЕМНИ КОНТРОЛНИ НОМЕРА
Koha biblioitemnumber 115367
Наличности
Код за отписване Код за изгубен артикул Източник на класификационната схема Код за повреда Коз за рестрикции Код за отдаване Артикулен № Име на библиотеката - собственик Име на библиотеката, в която се намира в момента Статус (Текущо местоположение) Дата на вписване в системата Местоположение - отдел Цена в лева Инвентарен номер Систематично азбучна сигнатура Баркод Номер на екземпляра Цена в евро Служебна бележка Служебен тип на артикула
  Не е изгубен Universal Decimal Classification Не е повреден без рестрикции заемане за дома 185309 Регионална библиотека "Любен Каравелов" Русе Регионална библиотека "Любен Каравелов" Русе Отдел Изкуство - подръчен фонд 1975-01-01 Отдел Изкуство - подръчен фонд 8.00 248686 75/Л 76 120000248686 1 4.09 N: стар фонд Дата: 01.01.1975 Дата инв: 07.06.2012 Бележки инв: * Книги
  Не е изгубен Universal Decimal Classification Не е повреден само за читалня ползва се в читалня 185310 Регионална библиотека "Любен Каравелов" Русе Регионална библиотека "Любен Каравелов" Русе Хранилище 1977-01-01 Хранилище 8.00 248263 Цб 89836 120000248263 2 4.09 Дост: Dp Вид: Д N: стар фонд Дата: 01.01.1977 Книги
Vip Innovations Ltd, Rousse, Bulgaria 2025